| 000 | 01109nmm a2200313 a 4500 | ||
|---|---|---|---|
| 001 | ocm0002146752 | ||
| 003 | TR-IsHL | ||
| 005 | 20201028183712.0 | ||
| 008 | 190412s2018 tu tur | ||
| 007 | cr cn | ||
| 020 | _a978605-2811894 | ||
| 035 |
_a2146752 _b(N$T) |
||
| 050 | 0 | 4 |
_aPL122 _b.K39 2018 |
| 090 | 0 | 4 |
_aPL122 _b.K39 2018 |
| 100 | 1 | _aKaya, Fatih | |
| 245 | 1 | 0 |
_aLisânü'l-etibbâ: (tabiplerin dili): giriş - çeviriyazılı metin - dizin - madde başları dizini _h[electronic resource] / _cFatih Kaya |
| 250 | _a1. Baskı | ||
| 260 |
_aİstanbul : _bHiperlink Yayınları, _c2018 |
||
| 300 | _a636 p. | ||
| 500 | _aDizin var | ||
| 650 | 4 | _aDil ve Edebiyat | |
| 650 | 4 | _aLanguage and Literature | |
| 650 | 0 |
_aTürk dili _x 17. yüzyıl |
|
| 650 | 0 |
_aTurkish language _x 17th century |
|
| 650 | 0 |
_aTıp _x Terminoloji _x17. yüzyıl |
|
| 650 | 0 |
_aMedicine _x Terminology _x 17th century |
|
| 650 | 7 |
_aLANGUAGE ARTS & DISCIPLINES / Grammar & Punctuation _2bisacsh |
|
| 856 | 4 | 0 | _uhttp://search.ebscohost.com/login.aspx?direct=true&scope=site&db=e011xww&AN=2146752 |
| 999 |
_c20662 _d20662 |
||